Exists, or Made Up? - Mini-Towers - Statistics

General Stats
  • This quiz has been taken 26 times
  • The average score is 11 of 15
Answer Stats
Hint Answer % Correct
Not Even A Tower Exists
83%
Totally A Tower Exists
83%
Unknowingly A Tower Made Up
83%
Maybe A Tower Exists
78%
Possibly A Tower Exists
78%
Never Was A Tower Made Up
78%
Needed A Tower? Made Up
78%
Can Be A Tower Made Up
78%
Secretly A Tower Made Up
78%
Just A Tower Made Up
78%
Will Be A Tower Exists
72%
Very Much A Tower Made Up
67%
Most Definitely A Tower Made Up
67%
Likely A Tower Exists
44%
Probably A Tower Made Up
33%
No matching quizzes found
Score Distribution
Percent of People with Each Score
Percentile by Number Answered
Your Score History
You have not taken this quiz